• 首页
  • 本馆介绍
  • 公告通知
  • 最新文献
  • 馆藏检索
  • 电子资源
  • 读者导购
  • 参考咨询
  • 我的图书馆
  • 登录
  • 详细信息显示
  • 放入我的书架
  • 预约/预借图书
  • 作者相关作品
  • 分类相关作品
  • 丛书相关作品
  • 出版社相关作品

书目信息

  • 表格格式
  • 工作单格式
  • 卡片格式
题名:
细胞和分子免疫学
    
 
作者: 阿巴斯 利希曼
分册:  
出版信息: 北京   北京大学医学出版社  2004
页数: 562
开本: 26cm
丛书名:
单 册:
中图分类: Q939.91
科图分类:
主题词: 微生物学--应用
电子资源:
ISBN: 7-81071-581-X
000 00558nam0 2200181 450
001 0741144344
005 20070817112544.34
010    @a7-81071-581-X@b精装@d¥228.00
100    @a20070817d km y0chiy0120 ea
101 0  @achi
200 1  @a细胞和分子免疫学@Axi bao he fen zi mian yi xue@f(美)阿巴斯 利希曼@F(mei)a ba si li xi man
210    @a北京@c北京大学医学出版社@d2004
215    @a562@d26cm
606 0  @a微生物学@x应用
690    @aQ939.91@v3
701  0 @a阿巴斯 利希曼@Aa ba si li xi man
801  0 @aCN@bPFT@c20070817
905    @a213230@dQ939.91@en3@f1
    
    细胞和分子免疫学/(美)阿巴斯 利希曼.-北京:北京大学医学出版社,2004
    562;26cm
    
    
    ISBN 7-81071-581-X(精装):¥228.00
    
●
相关链接 在E读中查询图书 在五车中查询图书 在当当中查询图书 在豆瓣中查询图书


正题名:细胞和分子免疫学     索取号:Q939.91/n3         预约/预借

序号 登录号 条形码 馆藏地/架位号 状态 备注
1 6600326   266003264   密集书库-生命科学系/ [索取号:Q939.91/n3] 在馆    
唐山师范学院图书馆 欢迎您!
大连网信软件有限公司© 版权所有